[Event "chess.com SpeedChess Q2Sw"]
[Site "chess.com INT"]
[Date "2022.11.12"]
[Round "11"]
[White "Sarana, Alexey"]
[Black "Dubov, Daniil"]
[Result "0-1"]
[WhiteTitle "GM"]
[BlackTitle "GM"]
[WhiteElo "2668"]
[BlackElo "2708"]
[WhiteFideId "24133795"]
[BlackFideId "24126055"]
[EventDate "2022.11.12"]

1. c4 e6 2. Nc3 d5 3. d4 Nf6 4. cxd5 exd5 5. Bf4 Bd6 6. Bxd6 Qxd6 7. e3 O-O 8.
Bd3 Bg4 9. Qc2 c6 10. h3 Bh5 11. f4 Re8 12. Kf2 c5 13. dxc5 Qxc5 14. Nd1 Qb6 15.
g4 d4 16. e4 Nc6 17. gxh5 Nxe4+ 18. Kg2 Nb4 19. Qb3 Nc5 20. Bxh7+ Kxh7 21. Qf3
Nbd3 22. Qg4 Kh8 23. Nf3 Re2+ 24. Kf1 Rae8 25. Rg1 Qf6 26. h6 gxh6 27. f5 R2e4
28. Qh5 Re1+ 29. Kg2 Nf4+ 30. Kh2 R1e2+ 0-1

[Event "chess.com SpeedChess Q2Sw"]
[Site "chess.com INT"]
[Date "2022.11.12"]
[Round "11"]
[White "Kosakowski, Jakub"]
[Black "Pranav, V"]
[Result "1-0"]
[WhiteTitle "IM"]
[BlackTitle "IM"]
[WhiteElo "2475"]
[BlackElo "2548"]
[WhiteFideId "1185080"]
[BlackFideId "25060783"]
[EventDate "2022.11.12"]

1. d4 Nf6 2. c4 e6 3. g3 c5 4. d5 exd5 5. cxd5 b5 6. e4 Nxe4 7. Bg2 Nd6 8. Bf4
Be7 9. Nf3 O-O 10. O-O Re8 11. a4 b4 12. Re1 Bf8 13. Nbd2 Na6 14. Bxd6 Bxd6 15.
Ne4 Bf8 16. Nfg5 h6 17. Qh5 g6 18. Qf3 f5 19. Nf6+ Qxf6 20. Rxe8 Bb7 21. Rxa8
Bxa8 22. Nh3 Qxb2 23. Re1 c4 24. Nf4 Qf6 25. Qe3 Nc5 26. Qe8 Kg7 27. Qxa8 c3 28.
Qxa7 c2 29. Ne6+ Nxe6 30. Qxd7+ Be7 31. d6 Qc3 32. Qxe7+ Kh8 33. Qxe6 c1=Q 34.
Rxc1 Qxc1+ 35. Bf1 b3 36. d7 1-0

[Event "chess.com SpeedChess Q2Sw"]
[Site "chess.com INT"]
[Date "2022.11.12"]
[Round "11"]
[White "Mikaelyan, Arman"]
[Black "Artemiev, Vladislav"]
[Result "0-1"]
[WhiteTitle "GM"]
[BlackTitle "GM"]
[WhiteElo "2556"]
[BlackElo "2701"]
[WhiteFideId "13304852"]
[BlackFideId "24101605"]
[EventDate "2022.11.12"]

1. d4 d5 2. c4 e6 3. Nf3 Nf6 4. Bg5 Nbd7 5. Nc3 h6 6. Bxf6 Nxf6 7. e3 Be7 8. Rc1
O-O 9. Be2 dxc4 10. Bxc4 c5 11. O-O cxd4 12. Nxd4 Bd7 13. Qf3 Qb6 14. Bb3 Rac8
15. Rfd1 Rc5 16. h3 Rfc8 17. Rd2 R5c7 18. Rcd1 Bb4 19. Nde2 a5 20. Rd4 Be8 21.
Ba4 Bxc3 22. bxc3 Bxa4 23. Rxa4 Rd7 24. Rad4 Rxd4 25. Rxd4 Qb2 26. a4 Rc5 27.
Ng3 Rxc3 28. Ne4 Qb1+ 29. Kh2 Nxe4 30. Rxe4 Qd3 31. Rd4 Qxd4 32. exd4 Rxf3 33.
gxf3 Kf8 34. Kg3 Ke7 35. Kf4 b5 36. axb5 a4 0-1

[Event "chess.com SpeedChess Q2Sw"]
[Site "chess.com INT"]
[Date "2022.11.12"]
[Round "11"]
[White "Zemlyanskii, Ivan"]
[Black "Rohith, Krishna S"]
[Result "1-0"]
[WhiteTitle "FM"]
[BlackTitle "FM"]
[WhiteElo "2237"]
[BlackElo "2380"]
[WhiteFideId "24249971"]
[BlackFideId "46617051"]
[EventDate "2022.11.12"]

1. d4 Nf6 2. c4 c5 3. d5 e6 4. g3 exd5 5. cxd5 g6 6. Nc3 Bg7 7. Bg2 O-O 8. Nf3
d6 9. O-O Na6 10. Bf4 Nc7 11. a4 Rb8 12. e4 a6 13. a5 b5 14. axb6 Rxb6 15. Qc2
Re8 16. Nd2 Nh5 17. Nc4 Rb4 18. Nxd6 Nxf4 19. Nxe8 Nxg2 20. Nxc7 Bh3 21. Nxa6
Nh4 22. gxh4 Bd4 23. Nxb4 Qxh4 24. Qd3 Be5 25. f4 Bd4+ 26. Kh1 Bf2 27. Qf3 Bxf1
28. Rxf1 cxb4 29. Rxf2 bxc3 30. bxc3 Qd8 31. Rd2 Qa5 32. d6 Qa1+ 33. Kg2 Qe1 34.
Rd1 Qh4 35. d7 Qd8 36. c4 h5 37. c5 h4 38. c6 h3+ 39. Kxh3 Kg7 40. c7 Qh8+ 41.
Kg2 g5 42. Qc3+ Kg6 43. f5+ Kh5 44. Qh3# 1-0

[Event "chess.com SpeedChess Q2Sw"]
[Site "chess.com INT"]
[Date "2022.11.12"]
[Round "11"]
[White "Barria Zuniga, Daniel"]
[Black "Sellitti, Federico"]
[Result "0-1"]
[WhiteTitle "IM"]
[WhiteElo "2341"]
[BlackElo "2176"]
[WhiteFideId "3400816"]
[BlackFideId "821829"]
[EventDate "2022.11.12"]

1. c4 c5 2. g3 Nc6 3. Bg2 g6 4. Nc3 Bg7 5. d3 Nf6 6. Bd2 O-O 7. Rb1 Rb8 8. a3 a6
9. h3 b5 10. Bxc6 dxc6 11. b3 e5 12. f3 Nh5 13. Kf2 f5 14. Kg2 f4 15. g4 Ng3 16.
Rh2 Be6 17. Be1 b4 18. axb4 cxb4 19. Na4 a5 20. e4 h5 21. Bxg3 fxg3 22. Kxg3 Bh6
23. Ne2 Qf6 24. Rf2 hxg4 25. hxg4 Bxg4 26. Kxg4 Be3 27. Qg1 Rb7 28. f4 Rh7 29.
Qg3 Bxf2 30. Qxf2 Qe6+ 31. f5 gxf5+ 32. Kg3 Rg7+ 33. Kh3 fxe4+ 0-1

[Event "chess.com SpeedChess Q2Sw"]
[Site "chess.com INT"]
[Date "2022.11.12"]
[Round "11"]
[White "Pakleza, Zbigniew"]
[Black "Gubajdullin, Alexei"]
[Result "1-0"]
[WhiteTitle "GM"]
[BlackTitle "FM"]
[WhiteElo "2496"]
[BlackElo "2300"]
[WhiteFideId "1119290"]
[BlackFideId "4141202"]
[EventDate "2022.11.12"]

1. d4 Nf6 2. Nf3 g6 3. Bf4 Bg7 4. e3 O-O 5. Be2 d6 6. h3 Nc6 7. O-O Nd7 8. Bh2
e5 9. c4 f5 10. Nc3 g5 11. dxe5 dxe5 12. Qd5+ Kh8 13. Rad1 g4 14. hxg4 fxg4 15.
Nd2 Qg5 16. Nde4 Qg6 17. c5 h5 18. Qc4 h4 19. Nd5 b5 20. Qd3 h3 21. Nxc7 hxg2
22. Rfe1 Rb8 23. Bg3 Bb7 24. Qxd7 Qh7 25. Bh2 Qxe4 26. Qxg4 Qxg4 27. Bxg4 Nb4
28. Ne6 Rfe8 29. Nxg7 Kxg7 30. Rd7+ Kg6 31. a3 Na6 32. b4 Rh8 33. f3 1-0

[Event "chess.com SpeedChess Q2Sw"]
[Site "chess.com INT"]
[Date "2022.11.12"]
[Round "11"]
[White "Alekseenko, Kirill"]
[Black "Martinez Alcantara, Jose Eduardo"]
[Result "0-1"]
[WhiteTitle "GM"]
[BlackTitle "GM"]
[WhiteElo "2687"]
[BlackElo "2597"]
[WhiteFideId "4135539"]
[BlackFideId "3805662"]
[EventDate "2022.11.12"]

1. e4 c5 2. Nf3 d6 3. d4 cxd4 4. Nxd4 Nf6 5. Nc3 Nc6 6. Nxc6 bxc6 7. Bd3 e5 8.
O-O Be7 9. f4 O-O 10. fxe5 dxe5 11. Kh1 Rb8 12. b3 Be6 13. Be3 Qa5 14. Na4 Nd7
15. Qe1 Qc7 16. Qf2 a5 17. Rad1 c5 18. Nb2 Nb6 19. h3 a4 20. Bb5 a3 21. Nd3 c4
22. Nc5 cxb3 23. cxb3 Bc8 24. Rc1 Qd6 25. Rfd1 Qg6 26. Qf3 f5 27. exf5 Bxf5 28.
Rf1 Kh8 29. Qe2 Nd5 30. Bg1 Nf4 31. Rxf4 exf4 32. Qxe7 f3 33. Bf1 Rbe8 34. Qh4
Re2 35. g4 Be4 36. Nxe4 Qxe4 37. Bxe2 fxe2+ 38. Kh2 Qf4+ 39. Qg3 Qxc1 40. Qd6
Qxg1+ 41. Kxg1 e1=Q+ 0-1

[Event "chess.com SpeedChess Q2Sw"]
[Site "chess.com INT"]
[Date "2022.11.12"]
[Round "11"]
[White "Parkhov, Yair"]
[Black "Fridman, Daniel"]
[Result "0-1"]
[WhiteTitle "IM"]
[BlackTitle "GM"]
[WhiteElo "2470"]
[BlackElo "2602"]
[WhiteFideId "2813408"]
[BlackFideId "11600454"]
[EventDate "2022.11.12"]

1. d4 d5 2. c4 e6 3. Nf3 Nf6 4. Nc3 c6 5. e3 a6 6. Be2 dxc4 7. Bxc4 b5 8. Bd3 c5
9. O-O Bb7 10. Qe2 Nbd7 11. Rd1 Qc7 12. a4 c4 13. Bb1 b4 14. Na2 a5 15. e4 Be7
16. d5 exd5 17. exd5 Nxd5 18. Bg5 f6 19. Be4 N7b6 20. Nd4 fxg5 21. Qh5+ g6 22.
Bxg6+ hxg6 23. Qxh8+ Kd7 24. Qh3+ Ke8 25. Qh8+ Kf7 26. Qh7+ Kf6 27. Re1 Bc8 28.
Qh8+ Kf7 29. Qh7+ Kf6 30. Qh8+ Kf7 31. Nf3 Bf6 32. Qh7+ Kf8 33. Qh6+ Qg7 34.
Qxg7+ Kxg7 35. Rad1 Bg4 36. Nc1 Bxf3 37. gxf3 Bxb2 38. Re6 b3 39. Ne2 Bf6 40.
Nd4 Bxd4 41. Rxd4 b2 42. Re1 Nc3 43. Rd7+ Nxd7 44. Re7+ Kf6 0-1

[Event "chess.com SpeedChess Q2Sw"]
[Site "chess.com INT"]
[Date "2022.11.12"]
[Round "11"]
[White "Peyrer, Konstantin"]
[Black "Kopylov, Alexander A."]
[Result "0-1"]
[WhiteTitle "FM"]
[BlackTitle "IM"]
[WhiteElo "2393"]
[BlackElo "2397"]
[WhiteFideId "1640879"]
[BlackFideId "4164857"]
[EventDate "2022.11.12"]

1. Nf3 Nf6 2. g3 c5 3. Bg2 Nc6 4. O-O g6 5. c4 Bg7 6. d4 cxd4 7. Nxd4 O-O 8. Nc3
Ng4 9. Nc2 d6 10. h3 Nge5 11. Ne3 Be6 12. Ncd5 Rc8 13. Rb1 a6 14. b3 b5 15. f4
Nd7 16. cxb5 axb5 17. f5 Bxd5 18. Bxd5 Nb4 19. fxg6 hxg6 20. a3 Na2 21. Bd2 Qb6
22. Kh2 Nc3 23. Bxc3 Rxc3 24. Ng4 e6 25. Bg2 Ne5 26. Nxe5 Bxe5 27. Rf3 Rfc8 28.
Qf1 R8c7 29. a4 b4 30. Rd3 Rxd3 31. exd3 Rc2 32. Qf3 Rf2 33. Qa8+ Kg7 34. Rf1
Rxf1 35. Bxf1 Qf2+ 36. Qg2 Bxg3+ 37. Kh1 Qe3 38. a5 Be5 39. a6 Bd4 40. Be2 Qc1+
41. Qf1 Qa3 42. Qf4 e5 43. Qf1 Qxa6 44. Bf3 Be3 45. Bd5 Bf4 46. h4 Qa2 47. Qg1
Qe2 48. Be4 Qh5 49. Qf2 Qd1+ 50. Qg1 Qxb3 51. h5 Qe6 52. hxg6 Qh3+ 0-1

[Event "chess.com SpeedChess Q2Sw"]
[Site "chess.com INT"]
[Date "2022.11.12"]
[Round "11"]
[White "Aradhya, Garg"]
[Black "Molenda, Marcin"]
[Result "1-0"]
[WhiteTitle "FM"]
[BlackTitle "FM"]
[WhiteElo "2289"]
[BlackElo "2381"]
[WhiteFideId "25006746"]
[BlackFideId "1173065"]
[EventDate "2022.11.12"]

1. d4 Nf6 2. Nf3 d5 3. c3 c6 4. Bf4 Bf5 5. e3 e6 6. Bd3 Bxd3 7. Qxd3 Be7 8. O-O
O-O 9. Nbd2 c5 10. h3 Nc6 11. a4 h6 12. dxc5 Bxc5 13. a5 Rc8 14. Rfe1 Re8 15.
Ne5 Bd6 16. Nxc6 Rxc6 17. Bxd6 Qxd6 18. e4 dxe4 19. Qxd6 Rxd6 20. Nxe4 Nxe4 21.
Rxe4 Red8 22. Rb4 R8d7 23. Rc4 Rd2 24. b4 Rc2 25. Rf1 g5 26. h4 Kg7 27. hxg5
hxg5 28. Rc5 f5 29. a6 bxa6 30. Rc6 Kf6 31. Re1 g4 32. Rexe6+ Kg5 33. g3 Rg7 34.
Kg2 Kh5 35. Rc5 Rg5 36. Rxa6 f4 37. Rxg5+ Kxg5 38. gxf4+ Kxf4 39. Rxa7 Rxc3 40.
b5 Rb3 41. Rf7+ Ke5 42. Rb7 Kd5 43. b6 Kc6 44. Rb8 Rd3 45. Rg8 Kxb6 46. Rxg4 Kc6
47. Re4 Kd5 48. f3 Ra3 49. Re8 Kd6 50. Kg3 Kd7 51. Re4 Rb3 52. Kg4 Rb5 53. f4
Ra5 54. f5 Ra8 55. Kg5 Rg8+ 56. Kh6 Rg1 57. f6 Rg2 58. f7 Rf2 59. Kg7 Rg2+ 60.
Kf8 Rg1 61. Re2 Rg3 62. Rd2+ Ke6 63. Ke8 Ra3 64. Re2+ Kf6 65. f8=Q+ 1-0

[Event "chess.com SpeedChess Q2Sw"]
[Site "chess.com INT"]
[Date "2022.11.12"]
[Round "11"]
[White "Manukian, Artak"]
[Black "Feng, Eric"]
[Result "1-0"]
[WhiteElo "2196"]
[BlackElo "1885"]
[WhiteFideId "13301373"]
[BlackFideId "30952590"]
[EventDate "2022.11.12"]

1. e4 c6 2. d4 d5 3. e5 c5 4. dxc5 e6 5. a3 Bxc5 6. c4 a5 7. Nc3 Ne7 8. Bg5 Qc7
9. Nf3 Ng6 10. Nb5 Qb6 11. Qc2 O-O 12. O-O-O Bxf2 13. Kb1 Bd7 14. cxd5 exd5 15.
Nc7 Bf5 16. Bd3 Bxd3 17. Rxd3 Ra7 18. Nxd5 Qc5 19. Rc1 b6 20. Qe2 Qb5 21. a4 Qa6
22. Nc7 Rxc7 23. Rxc7 Bc5 24. e6 fxe6 25. Qxe6+ Kh8 26. Rd8 Qf1+ 27. Ka2 Qxg2
28. Rxf8+ Bxf8 29. Qf5 Na6 30. Rc8 Nb4+ 31. Kb3 Kg8 32. Be7 h6 33. Bxf8 Nxf8 34.
Qxf8+ Kh7 35. Qf5+ Qg6 36. Qxg6+ Kxg6 37. Ne5+ Kf5 38. Nc4 g5 39. Nxb6 Ke5 40.
Nc4+ Kd4 41. Nxa5 Nd5 42. Nc6+ Kc5 43. Nb4+ Kd4 44. Rd8 1-0

[Event "chess.com SpeedChess Q2Sw"]
[Site "chess.com INT"]
[Date "2022.11.12"]
[Round "11"]
[White "Costello, Alexander"]
[Black "Mouhamad, Joachim"]
[Result "1-0"]
[WhiteTitle "IM"]
[BlackTitle "FM"]
[WhiteElo "2224"]
[BlackElo "2266"]
[WhiteFideId "2099659"]
[BlackFideId "656410"]
[EventDate "2022.11.12"]

1. Nf3 d5 2. e3 Nf6 3. c4 e6 4. Be2 Bd6 5. O-O O-O 6. Nc3 b6 7. cxd5 exd5 8. d4
a6 9. Bd2 Bb7 10. Rc1 Nbd7 11. Re1 Ne4 12. Bf1 f5 13. g3 Ndf6 14. Ne2 Ng4 15.
Qb3 Ngxf2 16. Nf4 c6 17. Ne6 Qe7 18. Nxf8 Rxf8 19. Qxb6 g5 20. Ba5 g4 21. Ne5
Rb8 22. Rc2 Ba8 23. Qxa6 c5 24. Nc6 Bxc6 25. Qxc6 Qe6 26. dxc5 Rc8 27. Qa6 Rxc5
28. Rxc5 Nxc5 29. Qa8+ Kf7 30. Qh8 Nfe4 31. Qxh7+ Kf8 32. Bd8 Be5 33. b4 Nd7 34.
Bb5 Ndf6 35. Qg6 Bd6 36. Rf1 Bxb4 37. Qxf5 Bd2 38. Qxe6 Bxe3+ 39. Kh1 1-0

[Event "chess.com SpeedChess Q2Sw"]
[Site "chess.com INT"]
[Date "2022.11.12"]
[Round "11"]
[White "Dauner, Benedikt"]
[Black "Dudzinski, Pawel"]
[Result "0-1"]
[WhiteTitle "FM"]
[BlackTitle "FM"]
[WhiteElo "2336"]
[BlackElo "2186"]
[WhiteFideId "16225899"]
[BlackFideId "1117890"]
[EventDate "2022.11.12"]

1. d3 e5 2. f4 Nc6 3. fxe5 Nxe5 4. Nf3 d6 5. Bf4 Ng6 6. Bg3 Nf6 7. e4 Bg4 8. Nc3
Nh5 9. Bf2 Ne5 10. Be2 Nf4 11. Nxe5 Nxg2+ 12. Kf1 Bh3 13. Kg1 dxe5 14. Qd2 Nf4
15. Nd1 Qg5+ 16. Bg3 Bc5+ 17. Nf2 Kd8 18. Bf3 Kc8 19. c3 Rd8 20. b4 Rxd3 21.
Qxd3 Bxf2+ 22. Kxf2 Nxd3+ 23. Ke2 Nf4+ 24. Kf2 Bg4 25. Rhd1 Nh3+ 26. Kg2 Bxf3+
27. Kxf3 Qh5+ 28. Kg2 Nf4+ 29. Bxf4 exf4 30. Rd3 b6 31. Rad1 Qg4+ 32. Kf2 Kb7
33. Rd7 Qh4+ 34. Kf3 Re8 35. R1d5 Qh3+ 0-1

[Event "chess.com SpeedChess Q2Sw"]
[Site "chess.com INT"]
[Date "2022.11.12"]
[Round "11"]
[White "Xiong, Jeffery"]
[Black "Theodorou, Nikolas"]
[Result "1-0"]
[WhiteTitle "GM"]
[BlackTitle "GM"]
[WhiteElo "2692"]
[BlackElo "2598"]
[WhiteFideId "2047640"]
[BlackFideId "4262875"]
[EventDate "2022.11.12"]

1. e4 c5 2. Nf3 Nc6 3. Nc3 g6 4. Bb5 Bg7 5. Bxc6 bxc6 6. O-O e5 7. a3 Rb8 8. b4
cxb4 9. axb4 Rxb4 10. Ba3 Rb7 11. Bd6 f6 12. d4 exd4 13. Qxd4 Nh6 14. Rxa7 Rxa7
15. Qxa7 Nf7 16. Ba3 d6 17. Nd4 Qd7 18. Qb6 f5 19. exf5 O-O 20. fxg6 hxg6 21.
Ne4 Re8 22. Ng3 Ne5 23. Qb3+ d5 24. Bc5 Ba6 25. Ra1 Bc4 26. Qb4 Qf7 27. h3 Qf4
28. Qb7 Bf8 29. Ra7 Nf7 30. Bxf8 Kxf8 31. Qc7 Re1+ 32. Kh2 Qxf2 33. Nf3 d4 34.
Nxe1 Bd5 35. Qb8+ Kg7 36. Qe5+ Kh7 37. Ne4 Qf1 38. Nf3 Kh6 39. Rxf7 1-0

[Event "chess.com SpeedChess Q2Sw"]
[Site "chess.com INT"]
[Date "2022.11.12"]
[Round "11"]
[White "Swiercz, Dariusz"]
[Black "Tan, Zhongyi"]
[Result "1-0"]
[WhiteTitle "GM"]
[BlackTitle "GM"]
[WhiteElo "2646"]
[BlackElo "2514"]
[WhiteFideId "1126881"]
[BlackFideId "8603642"]
[EventDate "2022.11.12"]

1. e4 c5 2. Nf3 d6 3. d4 cxd4 4. Nxd4 Nf6 5. Nc3 a6 6. Be3 e6 7. Be2 Be7 8. g4
O-O 9. g5 Nfd7 10. f4 b5 11. a3 Bb7 12. h4 Nc6 13. h5 Nxd4 14. Qxd4 e5 15. Qd2
Rc8 16. O-O-O Rxc3 17. Qxc3 Bxe4 18. Rhg1 Qb8 19. Bd3 Rc8 20. Qb3 Bxd3 21. Qxd3
b4 22. g6 bxa3 23. gxf7+ Kxf7 24. Qxa3 Qb5 25. Qa2+ Qc4 26. Qxc4+ Rxc4 27. Rgf1
Ke6 28. c3 Re4 29. Rde1 Bh4 30. Re2 Nf6 31. Kd2 Nd5 32. Kd3 Ra4 33. fxe5 dxe5
34. h6 gxh6 35. Bxh6 Rg4 36. Bd2 Bf6 37. Rh1 Bh4 38. Re4 Rg3+ 39. Kc2 Bg5 40.
Bxg5 Rxg5 41. Rxh7 Rg2+ 42. Kb3 Nf6 43. Rh6 Kf5 44. Ra4 e4 45. Ra5+ Kg4 46. Rxf6 1-0

[Event "chess.com SpeedChess Q2Sw"]
[Site "chess.com INT"]
[Date "2022.11.12"]
[Round "11"]
[White "Indjic, Aleksandar"]
[Black "Durarbayli, Vasif"]
[Result "1-0"]
[WhiteTitle "GM"]
[BlackTitle "GM"]
[WhiteElo "2631"]
[BlackElo "2612"]
[WhiteFideId "911925"]
[BlackFideId "13402935"]
[EventDate "2022.11.12"]

1. d4 Nf6 2. c4 e6 3. Nc3 Bb4 4. Qc2 d5 5. cxd5 exd5 6. Bg5 c5 7. dxc5 h6 8. Bh4
g5 9. Bg3 Ne4 10. e3 Qa5 11. Rc1 Nc6 12. Bd3 Bxc3+ 13. bxc3 Nxc5 14. Ne2 Qa4 15.
Nd4 Nxd3+ 16. Qxd3 Qc4 17. Qxc4 dxc4 18. f3 Bd7 19. Nb5 Ke7 20. Nd6 Na5 21. e4
f6 22. Kf2 Rhd8 23. h4 g4 24. Rcd1 Be6 25. h5 Rd7 26. Rd2 Rad8 27. e5 fxe5 28.
Bh4+ Kf8 29. Bxd8 Rxd8 30. Ne4 Rc8 31. Rd6 Ke7 32. Rd2 Nc6 33. Rb1 b6 34. Rbd1
Rf8 35. Ke3 Nb8 36. Nf2 gxf3 37. gxf3 Nd7 38. Rg1 Bf5 39. Rg7+ Ke8 40. Ne4 Bxe4
41. fxe4 Nf6 42. Rd6 Rf7 43. Rxf7 Kxf7 44. Rc6 Nxh5 45. Rc7+ Ke6 46. Rxa7 Kd6
47. Rh7 Nf4 48. Rxh6+ Kc5 49. a4 Nd3 50. Re6 b5 51. a5 b4 52. cxb4+ Nxb4 53.
Rxe5+ Kc6 54. Kd4 Kd6 55. Rh5 1-0

[Event "chess.com SpeedChess Q2Sw"]
[Site "chess.com INT"]
[Date "2022.11.12"]
[Round "11"]
[White "Stribuk, Artiom"]
[Black "Terry, Renato"]
[Result "1-0"]
[WhiteTitle "FM"]
[BlackTitle "IM"]
[WhiteElo "2312"]
[BlackElo "2516"]
[WhiteFideId "13515659"]
[BlackFideId "3803457"]
[EventDate "2022.11.12"]

1. d4 e6 2. c4 Bb4+ 3. Bd2 c5 4. Bxb4 cxb4 5. g3 Nf6 6. Bg2 O-O 7. e4 d6 8. Ne2
Nc6 9. O-O e5 10. a3 bxa3 11. Nxa3 Qb6 12. Qd2 Bg4 13. f3 exd4 14. Kh1 Be6 15.
Rfd1 Rfd8 16. Nxd4 Bd7 17. Ndb5 a6 18. Nxd6 Be6 19. Rac1 Na5 20. c5 Qc7 21. Qb4
Nb3 22. Rc3 a5 23. Qb6 Rd7 24. e5 Nd5 25. Qxc7 Nxc7 26. f4 g6 27. Rdd3 a4 28.
Nxb7 Rxd3 29. Rxd3 Na6 30. c6 Rc8 31. Nb5 Nb4 32. Rd1 Nxc6 33. N7d6 Nb4 34. Nxc8
Nc2 35. Rd8+ Kg7 36. Nc7 Bf5 37. Ne8+ Kh6 38. Ncd6 Be6 39. h3 1-0

[Event "chess.com SpeedChess Q2Sw"]
[Site "chess.com INT"]
[Date "2022.11.12"]
[Round "11"]
[White "Rustemov, Alexander"]
[Black "Rasulov, Vugar"]
[Result "0-1"]
[WhiteTitle "GM"]
[BlackTitle "GM"]
[WhiteElo "2525"]
[BlackElo "2525"]
[WhiteFideId "4119002"]
[BlackFideId "13402390"]
[EventDate "2022.11.12"]

1. d4 Nf6 2. c4 e6 3. Nf3 b6 4. a3 Ba6 5. Qc2 c5 6. d5 exd5 7. cxd5 Bb7 8. e4
Qe7 9. Bg5 Qxe4+ 10. Qxe4+ Nxe4 11. Bc4 Nd6 12. Ba2 Be7 13. Bf4 f6 14. Nc3 g5
15. Bxd6 Bxd6 16. O-O Na6 17. Rfe1+ Kd8 18. Ne4 Kc7 19. Nxf6 Raf8 20. Ne4 g4 21.
Nxd6 gxf3 22. Nf7 Rxf7 23. d6+ Kxd6 24. Bxf7 fxg2 25. Rad1+ Kc7 26. Bd5 Bxd5 27.
Rxd5 Kc6 28. Rg5 Rd8 29. Kxg2 d5 30. Rg7 d4 31. Rxh7 c4 32. Rxa7 Nc5 33. Rd1 d3
34. Rg7 Kb5 35. h4 Ka4 36. Rg6 b5 37. Rb6 Rd5 38. Kf3 Nd7 39. Rb7 Kb3 40. Ke4
Nf6+ 41. Kf4 Kc2 42. Rh1 d2 43. Rf7 Nd7 44. Rf5 Rd4+ 45. Kg5 b4 46. axb4 Kxb2
47. h5 c3 48. h6 c2 49. h7 c1=Q 50. h8=Q d1=Q+ 51. Kg6 Qg4+ 0-1

[Event "chess.com SpeedChess Q2Sw"]
[Site "chess.com INT"]
[Date "2022.11.12"]
[Round "11"]
[White "Kleiman, Jake"]
[Black "Stoyanov, Tsvetan"]
[Result "0-1"]
[WhiteTitle "IM"]
[BlackTitle "IM"]
[WhiteElo "2399"]
[BlackElo "2456"]
[WhiteFideId "2020041"]
[BlackFideId "2917173"]
[EventDate "2022.11.12"]

1. e4 c5 2. c3 d5 3. exd5 Qxd5 4. d4 Nf6 5. Nf3 e6 6. Na3 Nc6 7. Be3 cxd4 8. Nb5
Qd8 9. Nbxd4 Nd5 10. Bg5 Qb6 11. Qc2 h6 12. Bh4 Nxd4 13. Nxd4 Bd7 14. Bc4 Nf4
15. O-O-O Rc8 16. Bb3 Bc5 17. Qe4 Ng6 18. Bg3 O-O 19. h4 Bxd4 20. Qxd4 Qxd4 21.
Rxd4 Bc6 22. f3 Rfe8 23. h5 Ne7 24. Be5 Bd5 25. Rg4 Nf5 26. Bc2 Rc4 27. Bxf5
exf5 28. Rxg7+ Kf8 29. Re1 Be4 30. Bf6 Re6 31. fxe4 Rxf6 32. Rg3 fxe4 33. Rge3
Re6 34. R1e2 f5 35. g3 Kf7 36. Kc2 Kf6 37. b3 Rc5 38. g4 fxg4 39. Rxe4 Rxe4 40.
Rxe4 Kg5 41. b4 Rf5 42. c4 Kxh5 43. c5 Kg5 0-1

[Event "chess.com SpeedChess Q2Sw"]
[Site "chess.com INT"]
[Date "2022.11.12"]
[Round "11"]
[White "Oparin, Grigoriy"]
[Black "Boros, Denes"]
[Result "1-0"]
[WhiteTitle "GM"]
[BlackTitle "GM"]
[WhiteElo "2683"]
[BlackElo "2402"]
[WhiteFideId "24125890"]
[BlackFideId "722340"]
[EventDate "2022.11.12"]

1. c4 c5 2. Nf3 Nf6 3. d4 cxd4 4. Nxd4 d5 5. cxd5 Qxd5 6. Nc3 Qa5 7. g3 e5 8.
Nb3 Qc7 9. Bg2 Bd7 10. O-O Bc6 11. e4 Bb4 12. Nd5 Bxd5 13. exd5 O-O 14. Bg5 Nbd7
15. Rc1 Qb6 16. a3 Be7 17. Nd2 Qxb2 18. d6 Bd8 19. Nc4 Qb5 20. Re1 Rc8 21. Bf1
Qd5 22. Bh3 Rc5 23. Be3 Qxd1 24. Rexd1 Rb5 25. a4 Rb4 26. Bg5 Rxa4 27. Bxf6 Nxf6
28. Nxe5 g5 29. d7 Re4 30. f4 gxf4 31. gxf4 Rxf4 32. Kh1 Ne4 33. Nd3 Rf3 34. Kg2
Re3 35. Bf5 Nd6 36. Bh3 Ne4 37. Nf4 Ng5 38. Bg4 f5 39. Bh5 Re4 40. Nd5 Kg7 41.
Rc8 Ne6 42. Be8 Re5 43. Kf1 a5 44. Nc3 b5 45. Rd5 Rxd5 46. Nxd5 b4 47. Rc6 Nd4
48. Ra6 b3 49. Ra8 b2 50. Rb8 1-0

[Event "chess.com SpeedChess Q2Sw"]
[Site "chess.com INT"]
[Date "2022.11.12"]
[Round "11"]
[White "Dehtiarov, Roman"]
[Black "Ladan, Nicholas"]
[Result "1/2-1/2"]
[WhiteTitle "FM"]
[WhiteElo "2300"]
[BlackElo "2091"]
[WhiteFideId "14186640"]
[BlackFideId "30918855"]
[EventDate "2022.11.12"]

1. e4 e5 2. Nf3 Nc6 3. Bb5 a6 4. Ba4 g6 5. O-O Bg7 6. c3 d6 7. d4 b5 8. Bb3 exd4
9. cxd4 Na5 10. Nc3 Ne7 11. h3 Nxb3 12. Qxb3 O-O 13. Be3 Bb7 14. d5 c5 15. dxc6
Nxc6 16. Nd5 Na5 17. Qd1 Nc4 18. Bd4 Bxd5 19. Bxg7 Kxg7 20. Qxd5 Qf6 21. b3 Ne5
22. Nd4 Rac8 23. Rac1 Rfe8 24. Rxc8 Rxc8 25. f4 Nd7 26. e5 dxe5 27. fxe5 Qe7 28.
e6 Nf6 29. Qg5 Rc5 30. Nf5+ Rxf5 31. Rxf5 h6 32. Qg3 Qxe6 33. Rf1 Ne4 34. Qf4
Nd6 35. Kh1 Nf5 36. Qf3 Qe5 37. Kg1 Qd4+ 38. Kh2 Qe5+ 39. Kg1 Qd4+ 40. Qf2 Qe5
41. Re1 Qd6 42. Qb2+ Kh7 43. Qf2 h5 44. Rf1 h4 45. Re1 Qf6 46. Re4 Qa1+ 47. Kh2
Qf6 48. Re1 Qd6+ 49. Kg1 Qf6 50. Qe2 Qd4+ 51. Qf2 Qf6 1/2-1/2

[Event "chess.com SpeedChess Q2Sw"]
[Site "chess.com INT"]
[Date "2022.11.12"]
[Round "11"]
[White "Koc, Przemyslaw"]
[Black "Andreev, Eduard UKR"]
[Result "0-1"]
[BlackTitle "GM"]
[WhiteElo "2346"]
[BlackElo "2413"]
[WhiteFideId "1109081"]
[BlackFideId "14103400"]
[EventDate "2022.11.12"]

1. d4 Nf6 2. Nf3 g6 3. Bg5 Bg7 4. Nbd2 d5 5. e3 O-O 6. Bd3 c5 7. c3 b6 8. O-O
Ba6 9. Bxa6 Nxa6 10. a3 Nb8 11. b4 Qc8 12. Ne5 Re8 13. f4 Nbd7 14. Qf3 e6 15.
Bxf6 Nxf6 16. g4 cxd4 17. cxd4 Qa6 18. g5 Nh5 19. Rfc1 Rac8 20. Nc6 Bf8 21. Qf1
Qa4 22. b5 a6 23. Qd3 axb5 24. Nb4 Rxc1+ 25. Rxc1 Bxb4 26. axb4 Qxb4 27. Rb1 Qa4
28. Qxb5 Qxb5 29. Rxb5 Rb8 30. Nb3 Ng7 31. Nc5 Nf5 32. Kf2 Nd6 33. Rb3 b5 34.
Na6 Rb6 35. Nc5 Rb8 36. Ke2 Ra8 37. Rb2 Ra3 38. Nd7 Rxe3+ 39. Kf2 Ra3 40. Rc2
Ne4+ 41. Kg2 b4 42. Rc8+ Kg7 43. Ne5 b3 44. Rc7 Nd6 45. Nd3 Ra2+ 46. Kf3 b2 47.
Nc5 b1=Q 48. Nxe6+ Kg8 0-1